000 00279nam a22001217a 4500
040 _cSY
082 _a338
100 _aSTATISTICS OFFICE
245 _aAgricultural statistics, ស្ថិតិកសិកម្ម
260 _aRUA
_bSTA
_c2006
300 _a100p.
942 _cKB
999 _c9773
_d9773